=LDR 00000nam 2200000 4500 =001 INLIS000000000809996 =005 20250924095322 =035 ##$$a 0010-0925000121 =245 ##$$a Keanekaragaman Flora Indonesia : $b Seni Tanaman Hias /$c Oleh Dra. Sri Handayani M. Si =250 ##$$a Cet. 1 =260 ##$$a Jakarta :$b Bestari Kiranatama,$c 2010 =020 ##$$a 978-602-8982-00-9 =082 ##$$a 635.9 =084 ##$$a 635.9 Kea k